000 00850nam a22002777a 4500
001 BR2010004884
003 BR-BrBNA
005 20230928103404.0
007 ta
008 230509b bl.||||| |||| 00| 0 por d
040 _aBR-BrBNA
_bpor
_cBiblioteca Nacional de Agricultura
041 _a(Por)
072 _aE14; L10
_b5213
090 _ 5213 BR2010004884
110 1 _aAssociação Nacional de Criadores Herd-Book Collares, Pelotas, RS (Brasil)
245 1 _aSumário de touros 2001 Aberdeen Angus
_bConvênio ANC - MAPA/SARC/DENACOOP Nº 20/2001
260 3 _aPelotas, RS (Brasil):
_c2001.
300 _a50 p.
650 _aTOURO
650 _aGADO POLLED-ANGUS
650 _aGADO DE CORTE
650 _aPROJETO DE DESENVOLVIMENTO
650 _aMELHORAMENTO GENÉTICO ANIMAL
909 _a202309
_bLucia
_c55
_dLucia Elande
942 _cBK
999 _c74905
_d74905